"Strategizing", avagy a stratégiaalkotás szerepe a hálózatban egy magyarországi autóipari beszállító példáján keresztül = Strategizing i. e. the role of strategic development in a network through an example of a Hungarian automotive supplier
The traditional sense of strategic management approach and the conceptualisation of “strategizing” in the philosophy of IMP (Industrial Marketing and Purchasing) Group – a research group which examines business organizations from the network theory perspective – is the focus of this paper. The aim o...
Elmentve itt :
| Szerzők: | |
|---|---|
| Dokumentumtípus: | Cikk |
| Megjelent: |
Egyesület Közép-Európa Kutatására
Szeged
2015
|
| Sorozat: | Taylor : gazdálkodás- és szervezéstudományi folyóirat
7 No. 1-2 |
| Kulcsszavak: | Stratégiai tervezés, Közgazdaságtan - üzleti hálózat |
| Tárgyszavak: | |
| Online Access: | http://acta.bibl.u-szeged.hu/36305 |
| LEADER | 01943nab a2200241 i 4500 | ||
|---|---|---|---|
| 001 | acta36305 | ||
| 005 | 20260109133812.0 | ||
| 008 | 161017s2015 hu o 000 hun d | ||
| 022 | |a 2062-1396 | ||
| 040 | |a SZTE Egyetemi Kiadványok Repozitórium |b hun | ||
| 041 | |a hun | ||
| 041 | |a eng | ||
| 100 | 1 | |a Magyar Mária | |
| 245 | 1 | 0 | |a "Strategizing", avagy a stratégiaalkotás szerepe a hálózatban egy magyarországi autóipari beszállító példáján keresztül = Strategizing i. e. the role of strategic development in a network through an example of a Hungarian automotive supplier |h [elektronikus dokumentum] / |c Magyar Mária |
| 260 | |a Egyesület Közép-Európa Kutatására |b Szeged |c 2015 | ||
| 300 | |a 119-126 | ||
| 490 | 0 | |a Taylor : gazdálkodás- és szervezéstudományi folyóirat |v 7 No. 1-2 | |
| 520 | 3 | |a The traditional sense of strategic management approach and the conceptualisation of “strategizing” in the philosophy of IMP (Industrial Marketing and Purchasing) Group – a research group which examines business organizations from the network theory perspective – is the focus of this paper. The aim of this paper is a comparison between basic theses of corporate strategy and ‚strategizing’ (strategy formulation). After a short theoretical review, the authors illustrate the interpretation of strategizing through a case study of a Hungarian industrial company called Videoton. The authors highlight the fact that the effective strategizing is based on perfect knowledge of the company’s own capabilities, which is necessary for the company to find the favourable network position through managing relationships. | |
| 650 | 4 | |a Társadalomtudományok | |
| 650 | 4 | |a Közgazdasági és gazdálkodástudományok | |
| 695 | |a Stratégiai tervezés, Közgazdaságtan - üzleti hálózat | ||
| 700 | 0 | 1 | |a Szalkai Zsuzsanna |e aut |
| 856 | 4 | 0 | |u http://acta.bibl.u-szeged.hu/36305/1/vikek_018_019_119-126.pdf |z Dokumentum-elérés |